00299nam a2200121Ia 4500003000400000005001700004008004100021020001800062040002000080100001700100245002500117260003500142OSt20240305123747.0170523s9999 xx 000 0 und d a9788196325961 cIIMT UNIVERSITY aLuthra- H.R. 0aAnuprayukt Ganit - 1 aBharat Bharati Prakashan Meeru